Miejscowości na trasie linii 209 PKS Słupsk. - Statystyki

Ogólne statystyki
  • Ten quiz został rozwiązany 5 razy
  • Średni wynik to 11 z 22
Statystyki odpowiedzi
Miejscowość % Poprawnych
2. Bierkowo
80%
5. Bruskowo Małe
80%
3. Bruskowo Wielkie
80%
1. Słupsk
80%
18. Jarosławiec
60%
11. Marszewo
60%
17. Rusinowo
60%
6. Swołowo
60%
4. Wierzbięcin
60%
19.{Wybrane kursy} Krężołki
40%
7. Krzemienica
40%
8. Możdżanowo
40%
16. Naćmierz
40%
22.{Wybrene kursy} Pieńkowo
40%
10. Postomino
40%
20.{Wybrane kursy} Starkowo
40%
9. Zaleskie
40%
21.{Wybrane kursy} Złakowo
40%
15. Jezierzany
20%
13. Korlino
20%
12. Królewo
20%
14. Łącko
20%
Nie znaleziono quizów pasujących do podanych kryteriów
Rozkład punktacji
Procent ludzi z każdym wynikiem
Percentyl według liczby udzielonych odpowiedzi
Twoja historia wyników
Nie rozwiązałeś tego quizu